| 000 | 00865 a2200181 4500 | ||
|---|---|---|---|
| 020 | _a0072315318 (paperback) | ||
| 020 | _a9780071181174 (paperback) | ||
| 082 | 0 | 4 | _a658.151 |
| 090 |
_c4854 _d4854 |
||
| 100 | 1 | _aHiggins, Robert C. | |
| 245 | 1 | 0 |
_aAnalysis for financial management / _cRobert C. Higgins. |
| 250 | _a6th ed. | ||
| 260 |
_a[S.l.] : _bIrwin/McGraw-Hill, _c2000. |
||
| 300 |
_a432 p. ; _c23 cm. |
||
| 520 | _aThis paperback text has been written to present standard techniques and modern developments in a practical and intuitive manner. It is intended for non-financial managers and business students interested in the practice of financial management. Emphasis is on the managerial applications of financial analysis. | ||
| 856 | 4 | 0 |
_3Amazon.com _uhttp://www.amazon.com/exec/obidos/ASIN/0072315318/chopaconline-20 |
| 942 |
_aNBS _cBK _k658.151 HIG |
||
| 999 |
_c347285 _d347285 |
||